000 00493pab a2200181 454500
008 180718b2003 xxu||||| |||| 00| 0 eng d
100 _aPatie, Charles
245 _aCivic attitudes and engagement in modern Britain
260 _c2003
300 _ap.616-33.
362 _aOct
650 _aCivil and political rights - Great Britain
650 _aCivil and political rights
700 _aWhiteley, Paul
700 _aSyed, Patrick
773 _aParliamentary Affairs
909 _a58699
999 _c58699
_d58699